000
00232nam a22001217a 4500
003
SGT
082
_a
370
_b
NCER
100
_a
NCER
245
_a
BUSINESS STUDIES
260
_a
DELHI
_b
NCER
_c
2009
300
_a
235
942
_2
ddc
_c
BK
999
_c
19029
_d
19029